000 00436nam a2200157 i 4500
001 bg
100 1 _aKLIMECKI, Wojciech
245 0 _aTermodynamiczne podstawy fizykochemii metali /
_cWojciech Klimecki, Wanda Jagiełło-Puczka.
250 _aWyd.3 popr.i uzup.
260 _aCzęstochowa,
_c1978.
700 1 _aJAGIEŁŁO PUCZKA, Wanda
040 _cBPK
041 _apol
942 _cKS
008 s pl f |000 0 pol
999 _c9841
_d9841
856 _uhttp://koha.tu.koszalin.pl/cgi-bin/koha/opac-detail.pl?biblionumber=9841
_yKatalog online BPK